The first socialist society: a history of the soviet union from within / (Record no. 158)

MARC details
000 -LEADER
fixed length control field 01086nam a22001697a 4500
008 - FIXED-LENGTH DATA ELEMENTS--GENERAL INFORMATION
fixed length control field 111011t xxu||||| |||| 00| 0 eng d
020 ## - INTERNATIONAL STANDARD BOOK NUMBER
International Standard Book Number 067430442x
050 ## - LIBRARY OF CONGRESS CALL NUMBER
Classification number DK266.H79
100 ## - MAIN ENTRY--PERSONAL NAME
Personal name Hosking, Geoffrey,
245 ## - TITLE STATEMENT
Title The first socialist society: a history of the soviet union from within /
Statement of responsibility, etc. Geoffrey Hosking
250 ## - EDITION STATEMENT
Edition statement Enlarged ed.
260 ## - PUBLICATION, DISTRIBUTION, ETC.
Place of publication, distribution, etc. Cambridge, Mass.:
Name of publisher, distributor, etc. Harvard Univversity Press,
Date of publication, distribution, etc. 1990.
300 ## - PHYSICAL DESCRIPTION
Extent 556 p.:
Other physical details ill.,
Dimensions 24cm.
500 ## - GENERAL NOTE
General note Includes bibliographical references and index.
505 ## - FORMATTED CONTENTS NOTE
Formatted contents note Contents:Introduction -- The October Revolution -- War communism -- The Making of the Soviet Union -- The New economic policy and its political dilemas -- Revolution from above -- Stalin's terror -- Stalinist society -- Religion and nationality under the Soviet State -- The Great fatherland war -- The Last years of Stalin -- Khrushchev and de-Stalinization -- Soviet society under "Developed Socialism" -- Religion, nationality and dissent -- The Soviet Union in the 1980's: an impass and its causes -- Chronology -- Statistical tables -- Maps.
942 ## - ADDED ENTRY ELEMENTS (KOHA)
Source of classification or shelving scheme Library of Congress Classification
Koha item type Books
Holdings
Withdrawn status Lost status Source of classification or shelving scheme Damaged status Not for loan Home library Current library Shelving location Date acquired Total Checkouts Full call number Barcode Date last seen Price effective from Koha item type
    Library of Congress Classification     WISCONSIN INTERNATIONAL UNIVERSITY COLLEGE, GHANA - MAIN LIBRARY WISCONSIN INTERNATIONAL UNIVERSITY COLLEGE, GHANA - MAIN LIBRARY General Stacks 11/10/2011   DK266.H79 364/11 11/10/2011 11/10/2011 Books

If you have any concerns or questions; kindly contact the library


© Powered by WIUC ICT DIRECTORATE